<?xml version="1.0" encoding="UTF-8"?>
<record
    xmlns:xsi="http://www.w3.org/2001/XMLSchema-instance"
    xsi:schemaLocation="http://www.loc.gov/MARC21/slim http://www.loc.gov/standards/marcxml/schema/MARC21slim.xsd"
    xmlns="http://www.loc.gov/MARC21/slim">

  <leader>01075nam a22002417a 4500</leader>
  <controlfield tag="003">BI-BuBU</controlfield>
  <controlfield tag="008">241110b2024    bd     fr|||| 000 0 fre d</controlfield>
  <datafield tag="037" ind1=" " ind2=" ">
    <subfield code="b">don de l'auteur</subfield>
  </datafield>
  <datafield tag="039" ind1=" " ind2=" ">
    <subfield code="a">20241110083237.0</subfield>
    <subfield code="b">Edouard Niyonkuru</subfield>
  </datafield>
  <datafield tag="040" ind1=" " ind2=" ">
    <subfield code="a">BI-BuBU</subfield>
    <subfield code="b">Fre</subfield>
    <subfield code="c">BI-BuBU</subfield>
    <subfield code="d">BI-BuBU</subfield>
  </datafield>
  <datafield tag="041" ind1="0" ind2=" ">
    <subfield code="a">Fre</subfield>
  </datafield>
  <datafield tag="080" ind1=" " ind2=" ">
    <subfield code="a">334.724</subfield>
  </datafield>
  <datafield tag="100" ind1="1" ind2=" ">
    <subfield code="4">aut.</subfield>
    <subfield code="a">Niyonkuru, Dieudonn&#xE9;</subfield>
  </datafield>
  <datafield tag="245" ind1="1" ind2="0">
    <subfield code="a">Effets de la gouvernance sur la performance financi&#xE8;re des entrprises publiques burundaises</subfield>
    <subfield code="b">Approche par le mod&#xE8;le de r&#xE9;gression multiple</subfield>
    <subfield code="c">Dieudonn&#xE9; Niyonkuru ; Alexis Bizimungu, directeur.</subfield>
  </datafield>
  <datafield tag="260" ind1=" " ind2=" ">
    <subfield code="a">Bujumbura</subfield>
    <subfield code="b">Universit&#xE9; du Burundi : Facult&#xE9; des Sciences Economiques et de Gestion </subfield>
  </datafield>
  <datafield tag="300" ind1=" " ind2=" ">
    <subfield code="a">XII-80 f.</subfield>
    <subfield code="c">30 cm.</subfield>
  </datafield>
  <datafield tag="500" ind1=" " ind2=" ">
    <subfield code="a">M&#xE9;moire pr&#xE9;sent&#xE9; et d&#xE9;fendu publiquement en vue de l'obtention d'un dipl&#xF4;me de Master en Sciences de Gestion.
Sp&#xE9;cialit&#xE9; : Marketing et Strat&#xE9;gie</subfield>
  </datafield>
  <datafield tag="650" ind1=" " ind2="7">
    <subfield code="2">BI-BuBU</subfield>
    <subfield code="a">Entreprise publique burundaise</subfield>
    <subfield code="x">Performance financi&#xE8;re</subfield>
    <subfield code="x">Gouvernance</subfield>
  </datafield>
  <datafield tag="655" ind1=" " ind2=" ">
    <subfield code="2">BI-BuBU</subfield>
  </datafield>
  <datafield tag="700" ind1="1" ind2=" ">
    <subfield code="4">Dir.</subfield>
    <subfield code="a">Bizimungu Alexis</subfield>
  </datafield>
  <datafield tag="942" ind1=" " ind2=" ">
    <subfield code="2">udc</subfield>
    <subfield code="c">MEM</subfield>
  </datafield>
  <datafield tag="999" ind1=" " ind2=" ">
    <subfield code="c">51025</subfield>
    <subfield code="d">51025</subfield>
  </datafield>
  <datafield tag="952" ind1=" " ind2=" ">
    <subfield code="0">0</subfield>
    <subfield code="1">0</subfield>
    <subfield code="2">udc</subfield>
    <subfield code="4">0</subfield>
    <subfield code="7">1</subfield>
    <subfield code="9">82279</subfield>
    <subfield code="a">BC</subfield>
    <subfield code="b">BC</subfield>
    <subfield code="d">2024-11-10</subfield>
    <subfield code="e">don de l'auteur</subfield>
    <subfield code="l">0</subfield>
    <subfield code="o">R.334.724.NIY.</subfield>
    <subfield code="p">5010000480530</subfield>
    <subfield code="r">2024-11-10</subfield>
    <subfield code="t">1</subfield>
    <subfield code="w">2024-11-10</subfield>
    <subfield code="y">MEM</subfield>
    <subfield code="i">240811</subfield>
  </datafield>
</record>
